Rosco de Pasapalabra #89 - Estadísticas

Estadísticas generales
  • Esta prueba ha sido intentada 277 veces
  • La puntuación promedio es 13 de 25
Estadísticas de respuestas
Inicial Definición Respuesta % Correcto
C Demostración de cariño que consiste en rozar suavemente con la mano el cuerpo de una persona Caricia
94%
J Abultamiento dorsal que tienen algunos animales, como el camello y el dromedario Joroba
89%
N Cónyuge femenino del hijo o de la hija de una persona Nuera
87%
B Conjunto de músicos que tocan instrumentos de viento o de percusión Banda
85%
O Conjunto de grupos o partidos que en un país representan la posición contraria a la política del Gobierno Oposición
78%
I Relación carnal entre parientes dentro de los grados en que está prohibido el matrimonio Incesto
76%
L Cordón fibroso y resistente que une los huesos de las articulaciones o mantiene un órgano en su posición Ligamento
72%
H Mancha amoratada que se hace en el cuerpo a consecuencia de un golpe Hematoma
69%
U País asiático con capital en Taskent Uzbekistán
64%
Contiene la Q Comprar, obtener algo por un precio Adquirir
61%
S Aparato eléctrico de señales luminosas para regular la circulación Semáforo
59%
Contiene la Y Aparato que se ubica sobre edificios o barcos para preservarlos de los efectos de la electricidad de las nubes Pararrayos
58%
V Sustancia obtenida por fusión y rápido enfriamiento de óxidos de sílice y otros, para hacer vasos o ventanas Vidrio
57%
A Figura geométrica formada por dos líneas que parten del mismo punto Ángulo
54%
G Cada una de las células sexuales, masculina y femenina, que al unirse forman el huevo de plantas y animales Gameto
54%
Contiene la X Se dice del sándwich preparado con jamón cocido y queso en lonchas Mixto
54%
E Función o diversión pública en un teatro, circo u otro lugar en que se congrega la gente para presenciarla Espectáculo
50%
R En algunos países de América, deporte que consiste en montar potros salvajes o reses vacunas bravas Rodeo
49%
Contiene la Ñ Natural del país africano con capital en Luanda Angoleño
42%
T Caramelo masticable de café con leche Tofe
37%
D Dispersión de los judíos exiliados de su país Diáspora
34%
F Que contiene fenol en disolución Fenicado
2%
M Apellido de la escritora autora de la novela 'Si hubiera mar...' Macluf
2%
P Sartén pequeña Padilla
2%
Z Nombre de la reina de Asiria, también conocida como Naqia, que fue esposa del rey Senaquerib Zacutu
1%
No se encontraron pruebas coincidentes
Distribución de puntuación
Porcentaje de gente con cada puntuación
Porcentaje por número respondido
Historial de tus puntuaciones
No has intentado esta prueba.